000
00283nam a22001217a 4500
082
_a
158
_b
SEB/D
100
_a
SEBASTIAN,B.O
245
_a
DEAR TEACHER
260
_a
THRISSUR
_b
SEBASTIAN BHARANIKULANGARA
300
_a
111
650
_a
PERSONALITY DEVELOPMENT
_z
THRISSUR
942
_c
BK
999
_c
5372
_d
5372